Представление документа в формате RUSMARC

ПолеНазваниеЗначение
  Тип записи i
  Библиографический уровень m
001 Контрольный номер RU/IS/BASE/550931651
005 Дата корректировки 20201206205052.1
010 Индекс ISBN __
d Цена 224-20
100 Данные общей обработки __
a Данные общей обработки 19170616d2014||||||| 0rusy0189 ca
101 Язык документа 0_
a Язык текста rus
102 Страна публикации __
a Страна публикации ru|
105 Кодированные данные (монография) __
a Кодированные данные (монография) nn|||||||||zy
127 Кодированные данные (звукозаписи-физические характеристики) __
a Продолжительность проигрывания 03 ч 54 мин
200 Заглавие и сведения об ответственности 1_
a Заглавие Мой личный враг
e Сведения, относящиеся к заглавию [16+]
f Первые сведения об ответственности Татьяна Устинова ; [продюсеры издания: В. Воробьев, А. Андреев ; продюсер проекта И. Андреев ; инсценировка С. Голубев ; режиссер-постановщик В. Малков ; музыка, звукорежиссер Г. Алексеев ; исполняют: А. Яковлева и др.]
b Общее обозначение материала Звукозапись
210 Выходные данные __
a Место издания Москва
c Издательство Союз
d Дата издания 2014
215 Физическое описание __
a Объем 1 электрон. опт. диск (Audio CD)
c Иллюстрации/тип воспроизводства mp3
d Формат 12х14 см
225 Серия __
a Серия Аудиокнига
230 Специфическая характеристика материала: электронные ресурсы __
a Обозначение и объем ресурса Электронные звуковые данные
300 Общие примечания __
a Общие примечания Заглавие с этикетки диска
323 Примечание о главных создателях, исполнителях, участниках __
a Примечание о главных создателях, исполнителях, участниках Яковлева, А. (Александра)
323 Примечание о главных создателях, исполнителях, участниках __
a Примечание о главных создателях, исполнителях, участниках Вихров, В. (Андрей)
323 Примечание о главных создателях, исполнителях, участниках __
a Примечание о главных создателях, исполнителях, участниках Бякова, И. (Лада)
323 Примечание о главных создателях, исполнителях, участниках __
a Примечание о главных создателях, исполнителях, участниках Кирсанова, А. (Маша)
323 Примечание о главных создателях, исполнителях, участниках __
a Примечание о главных создателях, исполнителях, участниках Мараш, А. (Вика)
323 Примечание о главных создателях, исполнителях, участниках __
a Примечание о главных создателях, исполнителях, участниках Казаков, С. (от автора)
330 Аннотация __
a Аннотация Что делать, если твоя жизнь превратилась в кошмар. Совсем рядом проносится на бешеной скорости машина, и только в последнюю секунду случайный прохожий спасает от смерти... Маньяк с ножом подстерегает на темной лестнице... Шальная пуля застревает в изящном рюкзачке... Предает любимый муж... Тележурналистке Александре Потаповой кажется, что кругом одни только враги. Но удивление Саши не знало предела, когда она узнала, что за этими страшными событиями стоит один-единственный человек...
333 Примечание о целевом назначении __
a Примечание о целевом назначении 16+. Для детей старше 16 лет
337 Примечание о системных требованиях (электронные ресурсы) __
a Примечание о системных требованиях (электронные ресурсы) Системные требования: CD-плеер с поддержкой MP3 или Pentium-233 с Windows XP-7,8 ; CD-ROM ; звуковая карта
606 Тематические рубрики __
a Основная рубрика Художественная литература
606 Тематические рубрики __
a Основная рубрика Современная русская литература (произведения)
606 Тематические рубрики __
a Основная рубрика Музыка и зрелищные искусства
606 Тематические рубрики __
a Основная рубрика Художественное радиовещание
610 Ключевые слова __
a Ключевые слова детективные романы
a Ключевые слова детективы
a Ключевые слова женские детективы
a Ключевые слова остросюжетная проза
a Ключевые слова остросюжетные романы
a Ключевые слова романы
a Ключевые слова тема преступлений
a Ключевые слова тема убийств
686 Индексы других классификаций __
2 Код системы rubbks
a Классификационный индекс 85.381.3(2)-7я04
686 Индексы других классификаций __
2 Код системы rubbks
a Классификационный индекс 84(2=411.2)6-445я04
700 Автор _1
a Фамилия Устинова
b Имя Т. В.
f Даты 1968-
g Полное личное имя Татьяна Витальевна
4 Код отношения 070
702 Вторичная интеллектуальная ответственность _1
a Фамилия Воробьев
b Имя В.
4 Код отношения Продюсер
4 Код отношения 570
702 Вторичная интеллектуальная ответственность _1
a Фамилия Андреев
b Имя А.
4 Код отношения Продюсер
4 Код отношения 570
702 Вторичная интеллектуальная ответственность _1
a Фамилия Андреев
b Имя И.
4 Код отношения Консультант проекта
4 Код отношения 255
702 Вторичная интеллектуальная ответственность _1
a Фамилия Голубев
b Имя С.
4 Код отношения Сценарист
4 Код отношения 690
702 Вторичная интеллектуальная ответственность _1
a Фамилия Малков
b Имя В.
4 Код отношения Режиссер
4 Код отношения 070
702 Вторичная интеллектуальная ответственность _1
a Фамилия Алексеев
b Имя Г.
4 Код отношения Композитор
4 Код отношения 230
4 Код отношения 570
801 Источник записи _0
a Страна ru
b Организация Муниципальное бюджетное учреждение культуры "Централизованная библиотечная система" г. Сургут (Центральная городская библиотека им. А. С. Пушкина)
c Дата составления 20170616
g Правила каталогизации КиК/Апакова
801 Источник записи _1
a Страна ru
b Организация Муниципальное бюджетное учреждение культуры "Централизованная библиотечная система" г. Сургут (Центральная городская библиотека им. А. С. Пушкина)
c Дата составления 20170616
g Правила каталогизации КиК/Апакова
852 Данные о местонахождении __
j Шифр хранения 85.381.3(2)-7я04
i Авторский знак У 80
901 Тип документа __
t Тип документа 0
903 Характеристики (МАРС) __
a Дата передачи 20170616
969 Тип издания __
a Тип издания аудиоспектакль; издание для слепых
990 Данные о заказе (DOS) __
j Количество экземпляров (DOS) 3
t N записи в КСУ для И/У (DOS) 201706